000 01171cam a2200349 i 4500
001 19417036
003 GBCCL
005 20241126110400.0
008 161223s2015 wiua 000 0 eng d
010 _a 2016304625
020 _a9781424550920 (hbk)
020 _a1424550920 (hbk)
020 _z9781424550937 (e-book)
035 _a(OCoLC)ocn909326676
040 _aBTCTA
_beng
_cBTCTA
_erda
_dBDX
_dIMF
_dOCLCO
_dOCLCF
_dOCLCO
_dDLC
042 _alccopycat
050 0 0 _aHQ734
_b.O67 2015
082 0 4 _a248.844
_223
_bQQU
100 1 _aO'Quinn, Ryan,
_d1972-
_92735
245 1 0 _aMarriage rules! :
_bthe hilarious handbook for surviving marriage /
_cRyan O'Quinn ; illustrated by Paul Manchester.
250 _aIndian ed.
260 _aSecunderabad :
_bAuthentic,
_c2016.
300 _a133p. :
_b illustrations ;
_c19 cm
336 _atext
_btxt
_2rdacontent
337 _aunmediated
_bn
_2rdamedia
338 _avolume
_bnc
_2rdacarrier
650 0 _aMarriage.
_92123
650 0 _aMarriage
_vHumor.
_92736
906 _a7
_bcbc
_ccopycat
_d2
_encip
_f20
_gy-gencatlg
942 _2ddc
_cBK
_011
999 _c1387
_d1387